00571nam a22001577a 4500020001800000040000900018082001400027100003400041110002700075245009700102260003500199650004500234942001200279999001900291952010300310 a9780821221945 cNUST a747.5 CLI aClifton-Mogg, Caroline988788 aPaine, Melanie 988408 aThe Curtain Book : bA Sourcebook For Distinctive Curtains, Drapes, and Shades For Your Home aBoston:bBulfinch Pressc1988. aDraperies in interior decoration.988791 2ddccBK c587618d587618 00102ddc4070aCEMEbCEMEcGENd2022-01-14l0o747.5 CLIpCEME-50565r2022-01-14w2022-01-14yBK